Trobada de l'alta direcció : 2009 2009
Descripción Física:
73 p. : fot. col. ; 29 cm + 1 CD-ROM
MARC
| LEADER | 00000nam a2200000Ia 4500 | ||
|---|---|---|---|
| 001 | 22649 | ||
| 008 | 160829s2009 xx 000 0 cat d | ||
| 080 | |a M-6-350 | ||
| 245 | |a Trobada de l'alta direcció : |b 2009 | ||
| 260 | |a Barcelona : |b Diputació de Barcelona. Àrea de Presidència. Gerència, |c 2009 | ||
| 300 | |a 73 p. : |b fot. col. ; |c 29 cm + 1 CD-ROM | ||
| 590 | |a Celebrat a Barcelona el 18 de novembre de 2009 | ||
| 610 | 1 | 0 | |a Barcelona (Catalunya : Província). |b Diputació |9 52408 |
| 650 | |a Directius |9 40537 | ||
| 710 | |a Barcelona (Catalunya : Província). |b Àrea de Presidència |9 52558 | ||
| 901 | |a Arxiu | ||
| 942 | |n 1 | ||
| 952 | |0 0 |1 0 |4 0 |6 M6350 |7 1 |9 52263 |a Arxiu |b Arxiu |d 2016-12-01 |l 0 |o M-6-350 |p 22649 |r 2016-12-01 00:00:00 |w 2016-12-01 |y ARXIU | ||
| 999 | |c 56111 |d 56111 | ||